Quiere a ese perro / (Registro nro. 10017)

Detalles MARC
000 -CABECERA
Longitud fija campo de control 00901nam a2200277 a 4500
003 - • IDENTIFICADOR DELl NÚMERO DE CONTROL
Identificador del número de control CO-ViMGA
005 - • FECHA Y HORA DE LA ÚLTIMA TRANSACCIÓN
Fecha y hora de la última transacción 20230915223424.0
008 - • CÓDIGOS DE INFORMACIÓN DE LONGITUD FIJA
Códigos de información de longitud fija 141112s2004 ck r 000 u spa d
020 ## - • NÚMERO INTERNACIONAL NORMALIZADO PARA LIBROS
Número Internacional Normalizado para Libros (ISBN) 9789681672751
040 ## - FUENTE DE LA CATALOGACIÓN
Centro catalogador de origen CO-ViMGA
Lengua de catalogación spa
Centro transcriptor CO-ViMGA
041 ## - • CÓDIGO DE LENGUA
Código de lengua del texto/banda sonora o título independiente spa eng
043 ## - CÓDIGO DE ÁREA GEOGRÁFICA
Código de área geográfica n - us - - -
100 1# - • PUNTO DE ACCESO PRINCIPAL-NOMBRE DE PERSONA
Nombre de persona Creech, Sharon.
245 10 - • TITULO PROPIAMENTE DICHO
Título Quiere a ese perro /
Mención de responsabilidad, etc. Sharon Creech ; ilustraciones de Alejandro Magallanes ; traducción de Cecilia Aura.
300 ## - • DESCRIPCIÓN FÍSICA
Extensión 95 p. : il. ; 19 cm.
490 0# - • MENCIÓN DE SERIE
Mención de serie A la orilla del viento. Para los que empiezan a leer ; 171
650 14 - • PUNTO DE ACCESO ADICIONAL DE MATERIA - TÉRMINO DE MATERIA
Término de materia o nombre geográfico como elemento inicial Novela juvenil estadounidense.
700 1# - • PUNTO DE ACCESO ADICIONAL - NOMBRE DE PERSONA
Nombre de persona Magallanes, Alejandro, 1971 - , il.
942 ## - ENTRADA DE ELEMENTOS AGREGADOS (KOHA)
Fuente de clasificaión o esquema Dewey Decimal Classification
Koha [por defecto] tipo de item LIbro
949 ## - TRATAMIENTO DE LA INFORMACIÓN LOCAL (OCLC)
a n n
Existencias
Perdido Fuente de clasificación o esquema Estado Físico No para préstamo Forma de adquisición Localización permanente Localización actual Fecha adquisición Serie de enumeración / cronolog&íacute;a Préstamos totales Signatura completa Código de barras Fecha última consulta Número de copia Fecha del precio de reemplazo Tipo de item de Koha Localización en estanterías Número de registro
  Dewey Decimal Classification     Colección General Biblioteca Pública Guamal Biblioteca Pública Guamal 10/10/2024     N CRE2 GUA004214 10/10/2024 Ej.1 10/10/2024 Libro Literatura Literatura  
  Dewey Decimal Classification       Biblioteca Pública Mesetas - Franco lodo Poloxi Biblioteca Pública Mesetas - Franco lodo Poloxi 12/09/2024     NCRE2 MEE00802 12/09/2024 Ej.1 12/09/2024 LIbro    
  Dewey Decimal Classification     Infantil Biblioteca Pública Uribe - Reinerio Arenas Biblioteca Pública Uribe - Reinerio Arenas 06/25/2025     N CRE2 URI02609 06/25/2025 Ej.1 06/25/2025 Libro Infantil Sala Infantil  
  Dewey Decimal Classification       Biblioteca Pública Vistahermosa Biblioteca Pública Vistahermosa 04/07/2025     CRE2 VIST 0001793 04/07/2025 Ej.1 04/07/2025 LIbro   N CRE2 EJ.1
  Dewey Decimal Classification       Biblioteca Pública Vistahermosa Biblioteca Pública Vistahermosa 05/23/2025       VIST 0002198 05/23/2025 Ej.1 05/23/2025 LIbro   N CRE2 EJ1
  Dewey Decimal Classification     Sala General Estacion de Lectura Apiay - Villavicencio Estacion de Lectura Apiay - Villavicencio 12/04/2015 11/feb/2015   N CREq 28184 12/04/2015 Ej. 1 12/04/2015 LIbro    









Instituto Departamental de Cultura del Meta - Red Departamental de Bibliotecas Públicas del Meta.